02104nam a2200157Ia 450000500170000000800410001702000150005805000190007310000340009224501220012626000330024830000240028150513100030552003030161565000280191820231102151518.0121101s2001 mx a f 000 0 spa d a9701507444 aHF5548.32bJ551 aJIMÉNEZ, Juan CarloseAutor10aNegocios.comb: cómo construir marcas, hacer mercadeo y diseño interactivo en internet c/ JIMÉNEZ, Juan Carlos aMéxico :bAlfaomega,c2001 a162 páginasbil. 1 aContenido: Ideas de negocios en formato de apuntes Agradecimientos. Al César lo que es del César Conspiraciones con un evangelizador La arquitectura comunicacional en internet El comercio electrónico Nuevas nociones de geografía, trabajo y mercado ¿Necesito una página web? ¿Qué se debe hacer en un website? La calidad del contenido de la página web Sintonice con los usuarios Una estructura comunicacional abierta Una tienda electrónica en doce pasos La seguridad de las transacciones La adaptación de negocios existentes Percepciones estereotipadas de los usuarios Un dúo poderoso: e-mail y website Mercadeo con mensajes electrónicos Entender a los usuarios En los zapatos delos cibernautas La ilusión de resultados rápidos Nuevos costos reales de lo virtual ¿Cómo interactuán los usuarios? Cambio en las empresas Desaciertos frecuentes de gerencia ¿Esperanzas para los improductivos? Publicidad integrada al medio La ilusión de vender sin promoción Algunas características publicitarias Anuncios publicitarios más efectivos Internet vino para quedarse Un edén para el mercadeo y las comunicaciones Internet para gobiernos municipales Refranes sobre comunicación Lecciones para internautas de negocios Referencias.0 aResumen del Libro: Negocios.com enseña como poner un negocio por Internet sobre todo tener éxito, prácticos consejos que lo guiaran paso a paso en su negocios por el mismo, de manera clara, sencilla y precisa, sobre todo compartir su experiencia en esta gran maravilla siendo el Internet. 14aCOMERCIO ELECTRÓNICO